000 00583nam a2200229Ia 4500
003 OSt
005 20221007081500.0
006 a|||||r|||| 00| 0
007 ta
008 221006b |||||||| |||| 00| 0 eng d
024 _a14,483
037 _cTextual
040 _aFLL
_cFLL
_beng
041 _2eng
_aeng
082 _aX:57, K9
100 _aEinzig Paul
245 0 _aTextbook on foreign exchange
260 _aNew York
_bSt. Martin's Press USA
_c1969
300 _axvi,252p
_ccm.
942 _hX:57, K9
_cTEXL
_2CC
999 _c1163197
_d1163197